000 01044nam a2200253 i 4500
001 163911
003 ES-MaACL
005 20230906212833.0
008 931025s1887 fr |||| | fre d
080 _a591.5
100 1 _aRomanes, George John.
_9132022
245 1 2 _aL'intelligence des animaux /
_cpar G.-J. Romanes ; précédée d'une préface sur l'évolution mentale par Edm. Perrier.
260 _aParis :
_bAncienne Librairie Germer Baillière :
_bFélix Alcan,
_c1887 (
_eVersailles :
_fImpr. Cerf. et fils)
300 _a2 v. ;
_c22 cm.
490 1 _aBibliothèque scientifique internationale ;
_v59
505 8 _aContiene: T. 1. Les animaux inférieurs. t. 2. Les vertébrés
650 0 4 _aAnimales-
_xConducta.
_99833
650 4 _aAnimales-
_xInteligencia.
_9147546
700 1 _aPerrier, Edmond.
_991351
830 0 _aBibliothèque scientifique internationale ;
_v59
_9186949
852 _aES-MaACL
_jF-14388
_z-- Enc. ed. en tela
_q-- Contiene únicamente Parte segunda
999 _c163911
_d163911